Strategic business management (Record no. 6269)

MARC details
000 -LEADER
fixed length control field 00983 a2200241 4500
005 - DATE AND TIME OF LATEST TRANSACTION
control field 2008082604204.0
008 - FIXED-LENGTH DATA ELEMENTS--GENERAL INFORMATION
fixed length control field 080826t xxu||||| |||| 00| 0 eng d
010 ## - LIBRARY OF CONGRESS CONTROL NUMBER
LC control number ENG-87240
020 ## - INTERNATIONAL STANDARD BOOK NUMBER
International Standard Book Number 9788184500257
Terms of availability 2250.00
035 ## - SYSTEM CONTROL NUMBER
System control number EN-70773
037 ## - SOURCE OF ACQUISITION
Source of stock number/acquisition DBAD / PUB
082 ## - DEWEY DECIMAL CLASSIFICATION NUMBER
Classification number 658.4012
245 ## - TITLE STATEMENT
Title Strategic business management
Statement of responsibility, etc edited by K.N.S. Kang, Gautam Bansal [and] Sandhir Sharma
Remainder of title creating competitive advantage in global economy
260 ## - PUBLICATION, DISTRIBUTION, ETC. (IMPRINT)
Place of publication, distribution, etc New Delhi
Name of publisher, distributor, etc Deep & Deep Publications
Date of publication, distribution, etc 2007
270 ## - ADDRESS
Address F-159, Rajouri Garden
City New Delhi
Postal code 110 027
300 ## - PHYSICAL DESCRIPTION
Extent xii, 627p.
Dimensions 24cm (Hb )
500 ## - GENERAL NOTE
General note Includes bibliographical references and index
700 ## - ADDED ENTRY--PERSONAL NAME
Personal name Kang, K.N.S.
700 ## - ADDED ENTRY--PERSONAL NAME
Personal name Bansal, Gautam
700 ## - ADDED ENTRY--PERSONAL NAME
Personal name Sharma, Sandhir
942 ## - ADDED ENTRY ELEMENTS (KOHA)
Institution code [OBSOLETE] dpl
Koha item type English Books
Call number prefix 658.4012 / STR
Source of classification or shelving scheme Dewey Decimal Classification
Classification part 658.4012
Call number suffix STR
Holdings
Withdrawn status Lost status Damaged status Not for loan Home library Current library Date acquired Cost, normal purchase price Total Checkouts Full call number Barcode Date last seen Copy number Uniform Resource Identifier Cost, replacement price Price effective from Koha item type
        D.B.Act.Division D.B.Act.Division 26/08/2008 2250.00   658.4012 STR EN-70773 15/09/2008 1 6748 2250.00 15/09/2008 English Books

© Delhi Public Library
Hit Counter
free hit counter